| 000 | 00548nam a2200205 a 4500 | ||
|---|---|---|---|
| 005 | 20210219153411.0 | ||
| 008 | 991125n 000 0 u | ||
| 035 | _aUPN01000096871 | ||
| 100 | _aStueben, Suzy | ||
| 222 | _aEDUCATIONAL TECHNOLOGY | ||
| 245 | _aReformating text for learners with disabilities | ||
| 300 | _a46-50 | ||
| 362 | _a33, No. 6, 1993 | ||
| 505 | _aNoviembre 1993 | ||
| 653 | 0 | _aMICROCOMPUTADORAS | |
| 653 | 0 | _aPROBLEMAS DE APRENDIZAJE | |
| 700 | _aVockell, Edward L. | ||
| 904 |
_aAC _b034682 |
||
| 905 | _aArticulo | ||
| 999 |
_c75959 _d75959 |
||